[Event "SVK-chT2A 1819"]
[Site "Slovakia"]
[Date "2019.04.06"]
[Round "10.5"]
[White "Vadila, Ondrej"]
[Black "Varholak, Peter"]
[Result "1-0"]
[WhiteElo "2087"]
[BlackElo "1742"]
[PlyCount "57"]
[EventDate "2018.10.13"]
[EventType "team-tourn"]
[EventRounds "11"]
[EventCountry "SVK"]
[SourceTitle "EXT 2020"]
[Source "ChessBase"]
[SourceDate "2019.10.17"]
[SourceVersion "1"]
[SourceVersionDate "2019.10.17"]
[SourceQuality "1"]
[WhiteTeam "Bratislava Slovan V"]
[BlackTeam "Pezinok"]
[WhiteTeamCountry "SVK"]
[BlackTeamCountry "SVK"]

1. d4 Nf6 2. Bf4 d6 3. Nc3 g6 4. e4 Bg7 5. Qd2 0-0 6. 0-0-0 Bg4 7. f3 Bd7 8. Bh6 e6 9. Nge2 Nc6 10. h4 Kh8 11. Bxg7+ Kxg7 12. h5 Ng8 13. f4 Nce7 14. g4 Nf6 15. hxg6 hxg6 16. f5 Rh8 17. Rxh8 Qxh8 18. g5 Nh5 19. f6+ Nxf6 20. gxf6+ Kxf6 21. e5+ Kg7 22. Bg2 Nf5 23. Rh1 Qg8 24. Bxb7 Rb8 25. Be4 Kf8 26. Bxf5 exf5 27. Nd5 Qg7 28. Qg5 Re8 29. Nf6 1-0